Nemocenské poistenie ako neoddeliteľná súčasť sociálneho systému

Charakteristika nemocenského poistenia ako súčasti sociálneho systému. Pôvod, úlohy, funkcie a reformné procesy sprevádzajúce vývoj nemocenského poistenia. Metódy financovania zdravotníctva a komparácia nemocenského a životného poistenia.

Salvato in:
Dettagli Bibliografici
Autore principale: Simonka, Zsolt, 1974-
Natura: Capitolo di libro
Lingua:slovacco
Soggetti:
Tags: Aggiungi Tag
Nessun Tag, puoi essere il primo ad aggiungerne!!

MARC

LEADER 00000nla a2200000 4500
001 0222864
005 20240502073639.8
041 0 |a slo 
044 |a SK 
245 1 0 |a Nemocenské poistenie ako neoddeliteľná súčasť sociálneho systému  |c Zsolt Simonka 
520 |a Charakteristika nemocenského poistenia ako súčasti sociálneho systému. Pôvod, úlohy, funkcie a reformné procesy sprevádzajúce vývoj nemocenského poistenia. Metódy financovania zdravotníctva a komparácia nemocenského a životného poistenia. 
610 2 0 |a poistenie nemocenské 
610 2 0 |a poistenie sociálne 
610 2 0 |a dávky poistenia nemocenského 
610 2 0 |a fond poistný 
610 2 0 |a fond poistenia nemocenského 
610 2 0 |a nemocenské 
610 2 0 |a poistenci 
100 1 |a Simonka, Zsolt, 1974-